| 000 | 00515nam a22001577a 4500 | ||
|---|---|---|---|
| 999 |
_c114229 _d114229 |
||
| 005 | 20191014113313.0 | ||
| 008 | 191014b ||||| |||| 00| 0 eng d | ||
| 040 | _cPK-LaUMT | ||
| 082 |
_a297.4 _bSHA-Q |
||
| 100 | _aShakoor Shakar "namana", Muhammad شکور شاکر ، محمد | ||
| 245 |
_aQaul ka zaman = / _cby Muhammad Shakoor Shakar "namana" = محمد شکور شاکر نمانا |
||
| 260 |
_aGhotaki : _bMomal Saba Kamran Rana, _cNA |
||
| 300 | _a136 p. | ||
| 546 | _aSaraiki- Natan | ||
| 942 | _cBK | ||